Head over heels / (Record no. 2733)

MARC details
000 -LEADER
fixed length control field 01345cam a22003253a 4500
005 - DATE AND TIME OF LATEST TRANSACTION
control field 20240111122540.0
020 ## - INTERNATIONAL STANDARD BOOK NUMBER
International Standard Book Number 0786846186 (pbk.) :
Terms of availability $4.99
040 ## - CATALOGING SOURCE
Original cataloging agency OCO
Transcribing agency OCO
Modifying agency OCLCQ
-- DLC
Language of cataloging eng
050 00 - LIBRARY OF CONGRESS CALL NUMBER
Classification number 367
100 1# - MAIN ENTRY--PERSONAL NAME
Personal name Jones, Jasmine
245 10 - TITLE STATEMENT
Title Head over heels /
Statement of responsibility, etc. adapted by Jasmine Jones ; based on the series created by Terri Minsky. Part one is based on a teleplay written by Melissa Gould. Part two is based on a teleplay written by Douglas Tuber & Tim Maile.
250 ## - EDITION STATEMENT
Edition statement First Edition
260 ## - PUBLICATION, DISTRIBUTION, ETC.
Place of publication, distribution, etc. New York :
Name of publisher, distributor, etc. Disney Press/Volo,
Date of publication, distribution, etc. 2004
300 ## - PHYSICAL DESCRIPTION
Extent 152 pages :
Other physical details illustrations ;
Dimensions 19 cm
490 1# - SERIES STATEMENT
Series statement Lizzie McGuire ;
Volume/sequential designation Book 12
505 ## - FORMATTED CONTENTS NOTE
Formatted contents note P
520 ## - SUMMARY, ETC.
Summary, etc. Lizzie's best friend, Miranda, has finally got a crush! Lizzie vows to help Miranda get her guy-until the guy misunderstands and thinks Lizzie is the one who likes him! Plus Lizzie reviews a school play...
521 ## - TARGET AUDIENCE NOTE
Target audience note 600
Source Lexile estimate
521 ## - TARGET AUDIENCE NOTE
Target audience note P
Source Raz-Plus
655 #7 - INDEX TERM--GENRE/FORM
Genre/form data or focus term Radio and television novels.
Source of term gsafd
655 #7 - INDEX TERM--GENRE/FORM
Genre/form data or focus term Young adult fiction.
Source of term lcsh
700 1# - ADDED ENTRY--PERSONAL NAME
Personal name Minsky, Terri.
Relator term Series Creator
700 1# - ADDED ENTRY--PERSONAL NAME
Personal name Gould, Melissa.
700 1# - ADDED ENTRY--PERSONAL NAME
Personal name Television Writer
700 1# - ADDED ENTRY--PERSONAL NAME
Personal name Tuber, Douglas.
Relator term Television Writer
700 1# - ADDED ENTRY--PERSONAL NAME
Personal name Maile, Tim.
Relator term Television Writer
906 ## - LOCAL DATA ELEMENT F, LDF (RLIN)
a 7
b cbc
c copycat
d 2
e ncip
f 20
g y-genrareb
942 ## - ADDED ENTRY ELEMENTS (KOHA)
Source of classification or shelving scheme Dewey Decimal Classification
Koha item type Books
Suppress in OPAC No
999 ## -
-- 2733
-- 2733
Holdings
Withdrawn status Lost status Source of classification or shelving scheme Damaged status Not for loan Collection Home library Current library Shelving location Date acquired Total Checkouts Full call number Barcode Date last seen Date last checked out Price effective from Koha item type
    Dewey Decimal Classification     Juvenile Fiction Footprints International School Library Network Toul Kork Campus Footprints International School Library Network Toul Kork Campus   01/11/2024 3 JON 367 FIS00808 09/11/2024 09/04/2024 01/11/2024 Books